Pokémon - Attacken von Voltenso in SD/LP - Statistiken

Allgemein
  • Dieses Quiz wurde 3 mal gespielt
  • Das Durchschnittsergebnis liegt bei 21 aus 48
Antwortstatistiken
Antwort % Korrekt
Biss
100%
Blitz
100%
Donner
100%
Donnerblitz
100%
Donnerwelle
100%
Donnerzahn
100%
Eiszahn
100%
Feuerzahn
100%
Knirscher
100%
Silberblick
100%
Brüller
67%
Eisenschweif
67%
Erholung
67%
Flammenwurf
67%
Funkensprung
67%
Gigastoß
67%
Hyperstrahl
67%
Ruckzuckhieb
67%
Schutzschild
67%
Stromstoß
67%
Tackle
67%
Delegator
33%
Doppelteam
33%
Elektroball
33%
Elektrofeld
33%
Jauler
33%
Ladevorgang
33%
Ladungsstoß
33%
Raub
33%
Regentanz
33%
Schlafrede
33%
Angeberei
0%
Anziehung
0%
Aufruhr
0%
Ausdauer
0%
Fassade
0%
Fluch
0%
Hitzekoller
0%
Kopfnuss
0%
Ladestrahl
0%
Lichtschild
0%
Mystowellen
0%
Schockwelle
0%
Standpauke
0%
Stärke
0%
Sternschauer
0%
Voltwechsel
0%
Wechseldich
0%
Keine übereinstimmenden Quizze gefunden
Verteilung der Resultate
Anzahl Personen mit jedem Resultat
Perzentil nach korrekt beantworteten Fragen
Ihre Resultats-Entwicklung
Sie haben dieses Quiz noch nicht gespielt